LEADER 01006nam a2200253 i 4500 001 000000096657 003 CaOOAMICUS 005 20041118000000.0 008 041118s2000 it u000 u ita u 013 $a68899 020 $a88-424-9331-7 040 $aSeMil$bita 100 1 $aLamberti, Elena.$0(OLS)http://semarc/name/36569 245 10$aMarshall McLuhan :$btra letteratura, arte e media /$cElena Lamberti. 260 $a[Milano] :$bBruno Mondadori,$ccopyr. 2000. 300 $a192 p. ;$c17 cm. 500 $aContiene : Bibliografia. 650 4$aMcLuhan, Marshall.$0(OLS)http://semarc/subject/15015 850 $aSeMil 852 $aSeMil$W1$xVenegono$y1$m169 6 3 *$j56174$B56174$CSeMilBibl$Z2$F64258 $81 961 $aAcquisto: Àncora (Libreria) 996 $6020$a88-424-9331-7$9(OLS)http://semarc/number/53693 996 $6245$aMarshall McLuhan :$btra letteratura, arte e media$9(OLS)http://semarc/title/119483 996 $6260$a[Milano] :$bBruno Mondadori$9(OLS)http://semarc/publisher/31659 LEADER 00913nam a2200193 i 4500 001 000000033583 003 CaOOAMICUS 005 20260121163533.0 008 180830s1938 it u000 u ita u 040 $aSeMil$bita 245 13$aIl parrocchiano cantore :$bmanuale per la partecipazione collettiva ai canti della liturgia /$ccompilato da Mons. G. I. Rostagno. 260 $aTorino :$bLICE-Berruti & C.,$c1938. 300 $a2 v. ;$c18 cm. 650 4$aLiturgia - Canti.$0(OLS)http://semarc/subject/28319 700 1 $aRostagno, Giuseppe Ippolito.$0(OLS)http://semarc/name/90270 774 0 $t1: Kyriale ; Graduale delle Domeniche e feste di 1. e 2. classe.$gVol.1$w()78762 996 $6245$aIl parrocchiano cantore :$bmanuale per la partecipazione collettiva ai canti della liturgia$9(OLS)http://semarc/title/402094 996 $6260$aTorino :$bLICE-Berruti & C.$9(OLS)http://semarc/publisher/32683